<?xml version="1.0" encoding="UTF-8"?><?xml-stylesheet type="text/xsl" href="static/style.xsl"?><OAI-PMH xmlns="http://www.openarchives.org/OAI/2.0/" xmlns:xsi="http://www.w3.org/2001/XMLSchema-instance" xsi:schemaLocation="http://www.openarchives.org/OAI/2.0/ http://www.openarchives.org/OAI/2.0/OAI-PMH.xsd"><responseDate>2026-04-18T10:05:04Z</responseDate><request verb="GetRecord" identifier="oai:riubu.ubu.es:10259/9388" metadataPrefix="marc">https://riubu.ubu.es/oai/request</request><GetRecord><record><header><identifier>oai:riubu.ubu.es:10259/9388</identifier><datestamp>2024-07-17T00:05:15Z</datestamp><setSpec>com_10259.4_2520</setSpec><setSpec>com_10259_5086</setSpec><setSpec>com_10259_2604</setSpec><setSpec>com_10259_4313</setSpec><setSpec>col_10259.4_2521</setSpec><setSpec>col_10259_4314</setSpec></header><metadata><record xmlns="http://www.loc.gov/MARC21/slim" xmlns:doc="http://www.lyncode.com/xoai" xmlns:xsi="http://www.w3.org/2001/XMLSchema-instance" xmlns:dcterms="http://purl.org/dc/terms/" xsi:schemaLocation="http://www.loc.gov/MARC21/slim http://www.loc.gov/standards/marcxml/schema/MARC21slim.xsd">
<leader>00925njm 22002777a 4500</leader>
<datafield tag="042" ind1=" " ind2=" ">
<subfield code="a">dc</subfield>
</datafield>
<datafield tag="720" ind1=" " ind2=" ">
<subfield code="a">Gaona Ruiz, María</subfield>
<subfield code="e">author</subfield>
</datafield>
<datafield tag="720" ind1=" " ind2=" ">
<subfield code="a">Vallejo García, Jorge Lucas</subfield>
<subfield code="e">author</subfield>
</datafield>
<datafield tag="720" ind1=" " ind2=" ">
<subfield code="a">Arnáiz Alonso, Ana</subfield>
<subfield code="e">author</subfield>
</datafield>
<datafield tag="720" ind1=" " ind2=" ">
<subfield code="a">Sedano Labrador, Carlos</subfield>
<subfield code="e">author</subfield>
</datafield>
<datafield tag="720" ind1=" " ind2=" ">
<subfield code="a">Trigo López, Miriam</subfield>
<subfield code="e">author</subfield>
</datafield>
<datafield tag="720" ind1=" " ind2=" ">
<subfield code="a">Rodríguez Velasco, Ana</subfield>
<subfield code="e">author</subfield>
</datafield>
<datafield tag="720" ind1=" " ind2=" ">
<subfield code="a">Carrillo Pérez, Celia</subfield>
<subfield code="e">author</subfield>
</datafield>
<datafield tag="720" ind1=" " ind2=" ">
<subfield code="a">Vallejos Calzada, Saúl</subfield>
<subfield code="e">author</subfield>
</datafield>
<datafield tag="260" ind1=" " ind2=" ">
<subfield code="c">2024-11</subfield>
</datafield>
<datafield tag="520" ind1=" " ind2=" ">
<subfield code="a">Betalains in beetroots offer notable colouring properties and health benefits, including antioxidant, anti-inflammatory, hepatoprotective, and antitumorous activities. However, they degrade due to processing and storage conditions like temperature, pH, oxygen, and light-exposure. Traditional betalain determination methods are resource-intensive solid-liquid extractions. This study proposes a novel approach using a smart polymer to rapidly quantify betalains in processed beetroots. The polymer, containing N,N-dimethylaminoethyl methacrylate, selectively interacts with compounds like betalains. Characterization shows thermal stability over 250 °C and suitable mechanical properties. The film changes to colour upon interaction with betalains, allowing quantification via smartphone. The sensory polymer's efficacy was validated across 27 beetroot samples, showing no significant differences compared to traditional methods. Combining the smart polymer with a colour analysis app, “Colorimetric Titration,” provides a robust and efficient means of quantifying total betalains in beetroot puree, reducing the quantification time from 180 to 90 min, promising implications for routine food industry quality assessments.</subfield>
</datafield>
<datafield tag="024" ind2=" " ind1="8">
<subfield code="a">0308-8146</subfield>
</datafield>
<datafield tag="024" ind2=" " ind1="8">
<subfield code="a">http://hdl.handle.net/10259/9388</subfield>
</datafield>
<datafield tag="024" ind2=" " ind1="8">
<subfield code="a">10.1016/j.foodchem.2024.140358</subfield>
</datafield>
<datafield ind1=" " ind2=" " tag="653">
<subfield code="a">Polyacrylic films</subfield>
</datafield>
<datafield ind1=" " ind2=" " tag="653">
<subfield code="a">Hydrogels</subfield>
</datafield>
<datafield ind1=" " ind2=" " tag="653">
<subfield code="a">Colourimetry</subfield>
</datafield>
<datafield ind1=" " ind2=" " tag="653">
<subfield code="a">Pigments</subfield>
</datafield>
<datafield ind1=" " ind2=" " tag="653">
<subfield code="a">Red beet</subfield>
</datafield>
<datafield tag="245" ind1="0" ind2="0">
<subfield code="a">Smart polymers and smartphones for Betalain measurement in cooked beetroots</subfield>
</datafield>
</record></metadata></record></GetRecord></OAI-PMH>